000 00623nam a22002177a 4500
008 131009b xxu||||| |||| 00| 0 ger d
020 _a3540504680
020 _a0387504680
041 0 _ager
080 _a007.52
100 1 _aKlippel, Clemens
245 1 0 _aMobiler roboter im Materialfluβ eines flexiblen Fertigungssystems /
_cClemens Klippel
260 _aBerlin :
_aNew York :
_bSpringer Verlag ;
_c1988
300 _a148 f. :
_bme il. ;
_c21 cm.
490 _aForschungsberichte
_v17
500 _aVorwort f. : [III]
650 0 _aRobotët
650 0 _aAutomatët
700 1 _aMilberg, J.
_cIng.
942 _2udc
_cBK
999 _c64
_d64